Countries with the BIGGEST READERS Quiz Stats

 Plays Quiz not verified by Sporcle

Support Sporcle.
Go Orange.
Score 0/10 Timer 03:00
0 Plays Today
Continent Country % Correct
AsiaChina
89.6%
Europe / AsiaRussia
89%
AsiaIndia
79.8%
EuropeFrance
72.3%
EuropeSweden
68.2%
AsiaThailand
57.2%
AfricaEgypt
55.5%
AsiaPhilippines
39.3%
EuropeCzech Republic
34.7%
EuropeHungary
31.8%

You're not logged in!

Compare scores with friends on all Sporcle quizzes.
OR
Log In

From the Vault

7-Letter Vocabulary (Hard)

by Usmcfunkymunky

Not all of these words are lucky.
Remove Ads.
Support Sporcle.
Get the best of Sporcle when you Go Orange. This ad-free experience offers more features, more stats, and more fun while also helping to support Sporcle. Thank you for becoming a member.

Show Comments

Extras

Top Quizzes Today


Score Distribution

Your Account Isn't Verified!

In order to create a playlist on Sporcle, you need to verify the email address you used during registration. Go to your Sporcle Settings to finish the process.

Report this User

Report this user for behavior that violates our Community Guidelines.

Details: